<?xml version="1.0" encoding="UTF-8"?><?xml-stylesheet type="text/xsl" href="static/style.xsl"?><OAI-PMH xmlns="http://www.openarchives.org/OAI/2.0/" xmlns:xsi="http://www.w3.org/2001/XMLSchema-instance" xsi:schemaLocation="http://www.openarchives.org/OAI/2.0/ http://www.openarchives.org/OAI/2.0/OAI-PMH.xsd"><responseDate>2026-06-29T02:27:32Z</responseDate><request verb="GetRecord" identifier="oai:docta.ucm.es:20.500.14352/108082" metadataPrefix="marc">https://docta.ucm.es/rest/oai/request</request><GetRecord><record><header><identifier>oai:docta.ucm.es:20.500.14352/108082</identifier><datestamp>2025-03-18T11:47:21Z</datestamp><setSpec>com_20.500.14352_14</setSpec><setSpec>col_20.500.14352_20</setSpec></header><metadata><record xmlns="http://www.loc.gov/MARC21/slim" xmlns:dcterms="http://purl.org/dc/terms/" xmlns:xsi="http://www.w3.org/2001/XMLSchema-instance" xmlns:doc="http://www.lyncode.com/xoai" xsi:schemaLocation="http://www.loc.gov/MARC21/slim http://www.loc.gov/standards/marcxml/schema/MARC21slim.xsd">
   <leader>00925njm 22002777a 4500</leader>
   <datafield ind2=" " ind1=" " tag="042">
      <subfield code="a">dc</subfield>
   </datafield>
   <datafield ind2=" " ind1=" " tag="720">
      <subfield code="a">Vila Rico, Jesús Enrique</subfield>
      <subfield code="e">author</subfield>
   </datafield>
   <datafield ind2=" " ind1=" " tag="720">
      <subfield code="a">Moral Martinez, M.I.</subfield>
      <subfield code="e">author</subfield>
   </datafield>
   <datafield ind2=" " ind1=" " tag="720">
      <subfield code="a">Sánchez Ramos, Celia</subfield>
      <subfield code="e">author</subfield>
   </datafield>
   <datafield ind2=" " ind1=" " tag="720">
      <subfield code="a">Puell Marín, María Cinta</subfield>
      <subfield code="e">author</subfield>
   </datafield>
   <datafield ind2=" " ind1=" " tag="720">
      <subfield code="a">Pérez Carrasco, María Jesús</subfield>
      <subfield code="e">author</subfield>
   </datafield>
   <datafield ind2=" " ind1=" " tag="720">
      <subfield code="a">Pérez Pérez, J.M.</subfield>
      <subfield code="e">author</subfield>
   </datafield>
   <datafield ind2=" " ind1=" " tag="260">
      <subfield code="c">2004-09-28</subfield>
   </datafield>
   <datafield ind2=" " ind1=" " tag="520">
      <subfield code="a">PURPOSE: To evaluate central visual field (30º) differential luminance sensitivity (DLS) in drivers over the age of 65 years and compare responses according to the zone of the retina stimulated and age. 
METHODS: DLS was determined under photopic conditions (85 cd/m2) in 62 subjects (right eye) using a Humphrey model HFA-II 730 campimeter (Zeiss) to perform the STACTPAC technique with Goldamnnis stimulus III. Test were conducted with habitual correction for near vision.
RESULTS: The mean age of our population sample was 72.5 +- 5.4 year (85% men/15% women). Mean visual acuity was 0.82+-0.14. The mean spherical power of the lenses was +0.93 +- 1.87D and cylindrical power -0.87+-1.63D. Mean added power was 2.42+-0.59D. Mean DLS was 27.01+-2.52dB. Values by retinal zone were 30.32 +-2.35 dB (foveal) 28.77 +-2.50dB (parafoveal), and 26.14 +-2.76 dB (peripheral). When the simple was stratified by age (older or younger than 70 years), significant differences in DLS were obteined for the four quadrants and the different retinal zones.
CONCLUSION: Mean DLS values for the drivers differed significantly among the foveal, parafoveal and peripheral zones of the retina, with measurements made at the fovea being significantly higher. In drivers above 65 years, age showed a negative effect on DLS in all the retinal zones examined.</subfield>
   </datafield>
   <datafield ind1="8" ind2=" " tag="024">
      <subfield code="a">https://hdl.handle.net/20.500.14352/108082</subfield>
   </datafield>
   <datafield ind2="0" ind1="0" tag="245">
      <subfield code="a">Effects of age and the retinal zone stimulated on differential luminance sensitivity in vehicle drivers over 65 years.</subfield>
   </datafield>
</record></metadata></record></GetRecord></OAI-PMH>